[Event "27. Torneo San Viator 2016"]
[Site "Madrid ESP"]
[Date "2016.11.06"]
[Round "7.9"]
[White "Perez Vazquez, Manuel"]
[Black "Rodriguez Romero, Martin"]
[Result "0-1"]
[WhiteElo "1861"]
[BlackElo "1666"]
[PlyCount "86"]
[EventDate "2016.09.25"]
[EventType "swiss"]
[EventRounds "9"]
[EventCountry "ESP"]
[Source "lmi"]
[SourceDate "2016.09.25"]

1. d4 Nf6 2. c4 g6 3. Nc3 Bg7 4. e4 d6 5. f3 O-O 6. Be3 c5 7. Nge2 Qa5 8. Nc1
Nc6 9. Nb3 Qb4 10. a3 Qb6 11. dxc5 dxc5 12. Bxc5 Qc7 13. Be3 Rd8 14. Qc2 e6 15.
Be2 b6 16. O-O Ba6 17. Nb5 Qe7 18. Rfd1 Ne8 19. Rxd8 Rxd8 20. c5 bxc5 21. Bxc5
Qb7 22. a4 Rc8 23. Kf1 Bxb5 24. axb5 Nd4 25. Nxd4 Bxd4 26. Rxa7 Qb8 27. Ra4
Rxc5 28. Qd2 Bg7 29. f4 Rc7 30. e5 Ra7 31. Rd4 Qb6 32. g3 Bf8 33. Kg2 Nc7 34.
Bc4 Nxb5 35. Rd8 Qc6+ 36. Kh3 Nc7 37. b3 Ra8 38. Rxa8 Qxa8 39. Qd7 Nd5 40. Kh4
Be7+ 41. Kh3 Bf8 42. Kh4 h5 43. Kg5 Be7+ 0-1

[Event "27. Torneo San Viator 2016"]
[Site "Madrid ESP"]
[Date "2016.11.06"]
[Round "7.10"]
[White "Gonzalez-Ruano Perez, Cesar"]
[Black "Luque Ibanez, Manuel"]
[Result "0-1"]
[WhiteElo "1937"]
[BlackElo "1989"]
[PlyCount "100"]
[EventDate "2016.09.25"]
[EventType "swiss"]
[EventRounds "9"]
[EventCountry "ESP"]
[Source "lmi"]
[SourceDate "2016.09.25"]

1. e4 c5 2. Nf3 Nc6 3. Bd3 d6 4. c3 g6 5. Bc2 Bg7 6. O-O e5 7. h3 Nge7 8. d3
O-O 9. Bg5 h6 10. Bh4 g5 11. Bg3 Ng6 12. Nbd2 g4 13. hxg4 Bxg4 14. Qe1 Kh8 15.
Qe3 f5 16. exf5 Bxf5 17. Rad1 Qe7 18. Bb1 d5 19. Nh2 Rae8 20. Rfe1 b6 21. Qe2
Qg5 22. Ndf3 Qf6 23. Nd2 Bc8 24. Qh5 Nf4 25. Bxf4 Qxf4 26. f3 Re7 27. Ndf1 Rf5
28. Qg6 Re6 29. Qg3 Qxg3 30. Nxg3 Rg5 31. Ngf1 h5 32. Rd2 Bd7 33. Rde2 Rf6 34.
Bc2 Rf8 35. Bb3 d4 36. Bd5 Ne7 37. Be4 Ng6 38. Bxg6 Rxg6 39. Nd2 Bb5 40. c4 Bc6
41. Ne4 Bh6 42. Kh1 Rfg8 43. Nf1 h4 44. Nh2 Bd7 45. Nf2 Rxg2 46. Nhg4 Bxg4 47.
Kxg2 h3+ 48. Kg3 Bf4+ 49. Kh4 Bxf3 50. Rc2 Rg6 0-1

[Event "27. Torneo San Viator 2016"]
[Site "Madrid ESP"]
[Date "2016.11.06"]
[Round "7.11"]
[White "Barahona Torrijos, Angel"]
[Black "Luna Hermoso, Angel"]
[Result "0-1"]
[WhiteElo "1848"]
[BlackElo "1976"]
[PlyCount "82"]
[EventDate "2016.09.25"]
[EventType "swiss"]
[EventRounds "9"]
[EventCountry "ESP"]
[Source "lmi"]
[SourceDate "2016.09.25"]

1. e4 Nc6 2. Nc3 Nf6 3. Nf3 d5 4. exd5 Nxd5 5. Bc4 Nb6 6. Bb5 Bd7 7. d4 e6 8.
Bf4 Be7 9. O-O O-O 10. Ne5 Nxe5 11. Bxe5 Bxb5 12. Nxb5 Qd7 13. Nc3 f6 14. Bg3
Qc6 15. Re1 Rfe8 16. Qg4 f5 17. Qe2 Bb4 18. Be5 Nc4 19. a3 Bd6 20. Bxd6 cxd6
21. Qf3 d5 22. b3 Nd6 23. Ne2 Ne4 24. Qd3 Rac8 25. f3 Nf6 26. Rac1 Qd6 27. Qe3
Qxa3 28. Ra1 Qb4 29. c3 Qb6 30. c4 dxc4 31. bxc4 Rxc4 32. Reb1 Rb4 33. Rxb4
Qxb4 34. Nc3 a6 35. Rb1 Qe7 36. Qe5 b5 37. h3 Qa3 38. Ne2 b4 39. Nf4 Kf7 40. g4
Qxf3 41. Rxb4 Qd1+ 0-1

[Event "27. Torneo San Viator 2016"]
[Site "Madrid ESP"]
[Date "2016.11.06"]
[Round "7.12"]
[White "Quintero Torres, Pedro"]
[Black "Yeves Miquel, Enrique"]
[Result "1/2-1/2"]
[WhiteElo "1958"]
[BlackElo "1827"]
[PlyCount "122"]
[EventDate "2016.09.25"]
[EventType "swiss"]
[EventRounds "9"]
[EventCountry "ESP"]
[Source "lmi"]
[SourceDate "2016.09.25"]

1. Nf3 c5 2. c4 Nc6 3. Nc3 e5 4. d3 g6 5. g3 Bg7 6. Bg2 Nge7 7. O-O d6 8. Bg5
f6 9. Bd2 O-O 10. Qc1 Be6 11. Ne1 Qd7 12. Nc2 Bh3 13. Ne3 Bxg2 14. Kxg2 f5 15.
Ned5 Nd4 16. e3 Ne6 17. Nxe7+ Qxe7 18. Nd5 Qd7 19. f4 Rae8 20. Re1 Nc7 21. e4
Nxd5 22. cxd5 Qb5 23. Qc2 Rc8 24. Rac1 Qa6 25. b3 b5 26. Be3 Qb7 27. Qd2 fxe4
28. dxe4 b4 29. Rf1 Qe7 30. Qd3 exf4 31. Bxf4 Rce8 32. Rce1 Bc3 33. Re2 Be5 34.
Bh6 Rxf1 35. Kxf1 Bd4 36. Kg2 Bg7 37. Bf4 Be5 38. Qd2 Rf8 39. Qe3 Bd4 40. Qd2
Bc3 41. Qd3 Be5 42. Be3 Rf7 43. Rf2 Qf8 44. Rxf7 Qxf7 45. Qe2 Kg7 46. Bg5 h6
47. Be3 g5 48. Qg4 Kh7 49. Qe2 Qg6 50. Qd3 g4 51. Bf4 Qf6 52. Qd2 h5 53. Qe3
Bd4 54. Qd3 Be5 55. Qd2 Kg6 56. Qe3 Bd4 57. Qe2 Be5 58. Qe3 Bd4 59. Qd3 Be5 60.
Qd2 Bc3 61. Qc2 Be5 1/2-1/2

[Event "27. Torneo San Viator 2016"]
[Site "Madrid ESP"]
[Date "2016.11.06"]
[Round "7.13"]
[White "Garcia Sanjuan, Jose"]
[Black "Gil Sierra, Jacinto"]
[Result "0-1"]
[WhiteElo "1880"]
[BlackElo "1976"]
[PlyCount "66"]
[EventDate "2016.09.25"]
[EventType "swiss"]
[EventRounds "9"]
[EventCountry "ESP"]
[Source "lmi"]
[SourceDate "2016.09.25"]

1. Nf3 d5 2. b3 c5 3. Bb2 Nc6 4. e3 a6 5. h3 Bf5 6. d3 e6 7. Nbd2 Nf6 8. Ne5
Nxe5 9. Bxe5 Bd6 10. Bb2 O-O 11. g4 Bg6 12. Bg2 Bc7 13. h4 h5 14. gxh5 Nxh5 15.
Qf3 Qb8 16. c3 Be5 17. Bh3 Qd8 18. Bg4 Nf6 19. d4 cxd4 20. exd4 Nxg4 21. Qxg4
Bf5 22. Qf3 Bf6 23. h5 Rc8 24. Rg1 Re8 25. Nf1 Be4 26. Qg3 e5 27. Ne3 exd4 28.
cxd4 Qa5+ 29. Kd1 Qb5 30. Qf4 Qd3+ 31. Ke1 Rc2 32. Rxg7+ Bxg7 33. Qg4 Qd2+ 0-1

[Event "27. Torneo San Viator 2016"]
[Site "Madrid ESP"]
[Date "2016.11.06"]
[Round "7.14"]
[White "Blanco Diez, David"]
[Black "Del Noval Nemeshazi, Nesztor"]
[Result "1/2-1/2"]
[WhiteElo "1845"]
[BlackElo "1932"]
[PlyCount "132"]
[EventDate "2016.09.25"]
[EventType "swiss"]
[EventRounds "9"]
[EventCountry "ESP"]
[Source "lmi"]
[SourceDate "2016.09.25"]

1. d4 Nf6 2. c4 g6 3. Nc3 d5 4. cxd5 Nxd5 5. e4 Nxc3 6. bxc3 Bg7 7. Nf3 c5 8.
Rb1 O-O 9. Be2 b6 10. O-O Qc7 11. Be3 Bb7 12. Qd3 Nd7 13. Rfd1 Nf6 14. d5 c4
15. Qc2 Rfd8 16. Nd4 e6 17. Nb5 Qc8 18. Bg5 h6 19. Bxf6 Bxf6 20. dxe6 Qxe6 21.
f3 Qc6 22. Rxd8+ Rxd8 23. Nxa7 Qc5+ 24. Kh1 Ra8 25. Nb5 Ra5 26. Nd4 Bxd4 27.
cxd4 Qxd4 28. Qxc4 Qf2 29. Rd1 Rc5 30. Qd3 Rg5 31. Bf1 Qxa2 32. Qd8+ Kh7 33.
Qxb6 Bc8 34. Qf6 Qe6 35. Qxe6 Bxe6 36. Kg1 h5 37. Kf2 Ra5 38. Rd2 Kg7 39. f4
Ra4 40. Ke3 Ra3+ 41. Bd3 Kf6 42. g3 Bh3 43. e5+ Ke7 44. Kd4 Be6 45. Bb5 h4 46.
Bd3 Ra4+ 47. Ke3 hxg3 48. hxg3 Ra3 49. Kf3 Bf5 50. Ke2 Bg4+ 51. Ke3 Be6 52. Kf2
Rb3 53. Be4 Ra3 54. Bd5 Bf5 55. Rb2 Ra7 56. Rb7+ Rxb7 57. Bxb7 f6 58. Kf3 g5
59. Bd5 gxf4 60. Kxf4 Bd7 61. Ke4 fxe5 62. Kxe5 Bh3 63. Be4 Kf7 64. Bf5 Bf1 65.
g4 Kg7 66. g5 Bc4 1/2-1/2

[Event "27. Torneo San Viator 2016"]
[Site "Madrid ESP"]
[Date "2016.11.06"]
[Round "7.15"]
[White "Camarero Izquierdo, Juan Carlo"]
[Black "Padin Lazaro, Jose Manuel"]
[Result "1/2-1/2"]
[WhiteElo "1816"]
[BlackElo "1913"]
[PlyCount "109"]
[EventDate "2016.09.25"]
[EventType "swiss"]
[EventRounds "9"]
[EventCountry "ESP"]
[Source "lmi"]
[SourceDate "2016.09.25"]

1. d4 d5 2. Nc3 e6 3. e4 Nf6 4. Bg5 Bb4 5. Bxf6 Qxf6 6. e5 Qd8 7. Qg4 O-O 8.
Nge2 f6 9. f4 c5 10. dxc5 Bxc5 11. O-O-O Nc6 12. exf6 Qxf6 13. Qf3 a6 14. Nxd5
exd5 15. Qxd5+ Qf7 16. Qxc5 Qxa2 17. Nc3 Qa1+ 18. Kd2 Rd8+ 19. Ke3 Re8+ 20. Kf2
Qxb2 21. Bc4+ Be6 22. Rhe1 Bxc4 23. Qxc4+ Kh8 24. Ne4 Qb4 25. Qe2 Qe7 26. Qh5
g6 27. Qh3 Qg7 28. Rd7 Re7 29. Red1 Rae8 30. Rxe7 Rxe7 31. Ng5 Qf6 32. g3 Qc3
33. Qf1 Qxc2+ 34. Kg1 Qe2 35. Qxe2 Rxe2 36. Rd7 Re7 37. Nf7+ Kg7 38. Ne5 Kf6
39. Rd6+ Re6 40. Nd7+ Ke7 41. Rxe6+ Kxe6 42. Nc5+ Kd5 43. Nxb7 a5 44. Nxa5 Nxa5
45. Kg2 Ke4 46. Kh3 Kf3 47. Kh4 h6 48. f5 gxf5 49. Kh5 Nc4 50. Kxh6 Kg4 51. Kg6
Ne5+ 52. Kf6 Nd7+ 53. Ke6 Nc5+ 54. Ke5 Ne4 55. h3+ 1/2-1/2

[Event "27. Torneo San Viator 2016"]
[Site "Madrid ESP"]
[Date "2016.11.06"]
[Round "7.16"]
[White "Garcia Martin, Esteban"]
[Black "Guillo Longares, Cecilia"]
[Result "0-1"]
[WhiteElo "1881"]
[BlackElo "1705"]
[PlyCount "81"]
[EventDate "2016.09.25"]
[EventType "swiss"]
[EventRounds "9"]
[EventCountry "ESP"]
[Source "lmi"]
[SourceDate "2016.09.25"]

1. c4 g6 2. Nc3 Bg7 3. g3 c5 4. Bg2 Nc6 5. e4 Nf6 6. Nge2 O-O 7. d3 d6 8. O-O
a6 9. h3 Rb8 10. a4 Ne8 11. Be3 Nc7 12. d4 b6 13. d5 Ne5 14. b3 b5 15. f4 Nd7
16. axb5 axb5 17. cxb5 Nxb5 18. Rc1 Ba6 19. Re1 Nxc3 20. Nxc3 Qb6 21. e5 Qxb3
22. Qg4 Bc8 23. Qe2 dxe5 24. Ne4 exf4 25. Bxf4 Bd4+ 26. Kh2 Rb6 27. Bc7 Ra6 28.
Rb1 Qa2 29. Qf3 Qxd5 30. Qf1 Ra2 31. Re2 Rxe2 32. Qxe2 Qe6 33. Qb5 Ba6 34. Qa4
Bd3 35. Re1 Nb6 36. Qd1 c4 37. Nc5 Qf5 38. Nxd3 cxd3 39. Rxe7 Nd5 40. Bxd5 Qxd5
41. Qxd3 0-1

[Event "27. Torneo San Viator 2016"]
[Site "Madrid ESP"]
[Date "2016.11.06"]
[Round "7.17"]
[White "Lizon Martinez, Santiago"]
[Black "Escribano Serrano, Pedro"]
[Result "1-0"]
[WhiteElo "1757"]
[BlackElo "1787"]
[PlyCount "89"]
[EventDate "2016.09.25"]
[EventType "swiss"]
[EventRounds "9"]
[EventCountry "ESP"]
[Source "lmi"]
[SourceDate "2016.09.25"]

1. e4 c6 2. d4 d5 3. e5 Bf5 4. Nf3 e6 5. Be2 c5 6. c4 Nc6 7. cxd5 exd5 8. Nc3
c4 9. O-O Bb4 10. Bd2 a6 11. Na4 b5 12. Bxb4 Nxb4 13. Nc5 Ne7 14. Nb7 Qd7 15.
Nd6+ Kf8 16. Ng5 Bg6 17. Bg4 Bf5 18. Qf3 g6 19. Bxf5 Nxf5 20. a3 Nxd6 21. exd6
Nc6 22. Qxd5 Kg7 23. Rfe1 Rhe8 24. Qf3 Nxd4 25. Qc3 Qxd6 26. Nf3 Kg8 27. Rxe8+
Rxe8 28. Qxd4 Qe6 29. Rd1 Qe2 30. Qd2 Qe6 31. h4 Qf5 32. Qd7 Re6 33. Qd8+ Kg7
34. Nd4 Qe5 35. Nxe6+ Qxe6 36. Qd4+ Kh6 37. Qd2+ Kg7 38. Qd6 Qe2 39. Rd2 Qe1+
40. Kh2 h5 41. Qd4+ Kh7 42. Qf4 Kg7 43. Rd7 Qe6 44. Qd4+ Kh7 45. Rd8 1-0

[Event "27. Torneo San Viator 2016"]
[Site "Madrid ESP"]
[Date "2016.11.06"]
[Round "7.18"]
[White "Braziunaite, Rasa"]
[Black "Jimenez Elices, Jose Maria"]
[Result "0-1"]
[WhiteElo "1384"]
[BlackElo "1785"]
[PlyCount "52"]
[EventDate "2016.09.25"]
[EventType "swiss"]
[EventRounds "9"]
[EventCountry "ESP"]
[Source "lmi"]
[SourceDate "2016.09.25"]

1. b3 e5 2. Bb2 Nc6 3. e3 Nf6 4. Bb5 d6 5. d4 Bd7 6. c4 exd4 7. exd4 d5 8. cxd5
Nb4 9. Qe2+ Qe7 10. Bxd7+ Nxd7 11. Qxe7+ Bxe7 12. Nc3 Nc2+ 13. Kd2 Nxa1 14.
Bxa1 O-O-O 15. Nf3 f6 16. Rc1 a6 17. Na4 b5 18. Nc3 Nb6 19. a4 b4 20. Ne2 Nxd5
21. Ne1 Rhe8 22. Nd3 Bd6 23. g3 Re7 24. Nc5 Rde8 25. Ng1 a5 26. Nf3 Re2+ 0-1

[Event "27. Torneo San Viator 2016"]
[Site "Madrid ESP"]
[Date "2016.11.06"]
[Round "7.19"]
[White "Sanchez Gomez, Emiliano"]
[Black "Soderstrom, Henrik"]
[Result "1-0"]
[WhiteElo "1745"]
[BlackElo "1802"]
[PlyCount "39"]
[EventDate "2016.09.25"]
[EventType "swiss"]
[EventRounds "9"]
[EventCountry "ESP"]
[Source "lmi"]
[SourceDate "2016.09.25"]

1. e4 Nc6 2. Nf3 f5 3. exf5 d5 4. Bb5 Bxf5 5. Ne5 Qd6 6. d4 Nf6 7. Nc3 a6 8.
Bxc6+ bxc6 9. O-O e6 10. Bf4 Qb4 11. Rb1 Qb7 12. Re1 c5 13. Ne2 Be7 14. Ng3 Be4
15. f3 Bf5 16. Nxf5 exf5 17. Nd3 Kf7 18. Qe2 Rhe8 19. Qe6+ Kf8 20. Ne5 1-0

[Event "27. Torneo San Viator 2016"]
[Site "Madrid ESP"]
[Date "2016.11.06"]
[Round "7.21"]
[White "Campos Diaz, Fernando"]
[Black "Gil Calvente, Jose Antonio"]
[Result "1-0"]
[WhiteElo "1663"]
[BlackElo "1721"]
[PlyCount "59"]
[EventDate "2016.09.25"]
[EventType "swiss"]
[EventRounds "9"]
[EventCountry "ESP"]
[Source "lmi"]
[SourceDate "2016.09.25"]

1. d4 Nf6 2. Bf4 e6 3. Nf3 b6 4. e3 Bb7 5. c3 d5 6. Bb5+ c6 7. Bd3 Bd6 8. Ne5
O-O 9. Nd2 Qc7 10. Bg3 Nbd7 11. f4 c5 12. Bh4 c4 13. Bc2 Bxe5 14. fxe5 Ne4 15.
Nxe4 dxe4 16. Qg4 Qc6 17. Bf6 Nxf6 18. exf6 g6 19. Qg5 Kh8 20. h4 Qd5 21. O-O-O
Rg8 22. Rh3 Rad8 23. Rdh1 Qf5 24. g4 Qf2 25. h5 Rd7 26. hxg6 fxg6 27. Qe5 Rf7
28. Rxh7+ Rxh7 29. f7+ Rgg7 30. Qb8+ 1-0

[Event "27. Torneo San Viator 2016"]
[Site "Madrid ESP"]
[Date "2016.11.13"]
[Round "8.1"]
[White "Unciti Juan, Javier"]
[Black "Quispe Arteaga, Gabriel"]
[Result "1/2-1/2"]
[WhiteElo "2110"]
[BlackElo "2270"]
[PlyCount "107"]
[EventDate "2016.09.25"]
[EventType "swiss"]
[EventRounds "9"]
[EventCountry "ESP"]
[SourceTitle "Ajedrez en Madrid"]
[Source "lmi"]
[SourceDate "2016.09.25"]

1. d4 d5 2. Nf3 Nf6 3. c4 e6 4. Nc3 Be7 5. g3 O-O 6. Bg2 b6 7. O-O Bb7 8. cxd5
exd5 9. Nh4 Ne4 10. Nf5 Nxc3 11. Nxe7+ Qxe7 12. bxc3 Rd8 13. a4 Na6 14. a5 c5
15. axb6 axb6 16. Rb1 Qf6 17. Be3 c4 18. Bf4 Qc6 19. Rb2 Nb8 20. Qb1 Nd7 21.
Re1 Ra3 22. Bd2 Qg6 23. Bh3 Ra6 24. Bf5 Qc6 25. Bxh7+ Kh8 26. Bf5 Nf8 27. e4
Re8 28. e5 Bc8 29. Bxc8 Rxc8 30. Qf5 Qe6 31. Qh5+ Kg8 32. f4 g6 33. Qf3 Rca8
34. g4 Ra2 35. f5 Qc6 36. Rxa2 Rxa2 37. Bh6 gxf5 38. Bxf8 Kxf8 39. gxf5 Qh6 40.
Qg3 Qg7 41. Qxg7+ Kxg7 42. f6+ Kg6 43. h4 Ra8 44. Kf2 Kf5 45. h5 b5 46. Rh1 Kf4
47. Rh4+ Kg5 48. Rh3 Ra2+ 49. Kf3 Rc2 50. Rg3+ Kxh5 51. Kf4 Rf2+ 52. Ke3 Rc2
53. Kf4 Rf2+ 54. Ke3 1/2-1/2

[Event "27. Torneo San Viator 2016"]
[Site "Madrid ESP"]
[Date "2016.11.13"]
[Round "8.3"]
[White "Rosa Ramirez, Victor D"]
[Black "Aguilera Lopez, Alejandro"]
[Result "1/2-1/2"]
[WhiteElo "1903"]
[BlackElo "2113"]
[PlyCount "127"]
[EventDate "2016.09.25"]
[EventType "swiss"]
[EventRounds "9"]
[EventCountry "ESP"]
[SourceTitle "Ajedrez en Madrid"]
[Source "lmi"]
[SourceDate "2016.09.25"]

1. e4 c5 2. Nf3 e6 3. d4 cxd4 4. Nxd4 Nf6 5. Nc3 Nc6 6. Ndb5 Bb4 7. Nd6+ Ke7 8.
Bf4 e5 9. Nf5+ Kf8 10. Bd2 d5 11. exd5 Bxf5 12. dxc6 bxc6 13. a3 Ba5 14. Bc4
Qd4 15. Qe2 Rd8 16. O-O-O Qg4 17. f3 Qg6 18. Qxe5 Bb6 19. Na4 Bxc2 20. Bb4+ Kg8
21. Rxd8+ Bxd8 22. Qd6 h6 23. Qxd8+ Kh7 24. Qd2 Bb1 25. Nc3 Rd8 26. Bxf7 Qf5
27. Be6 Qg6 28. Qf2 Bd3 29. g4 Nd5 30. Bf5 Bxf5 31. gxf5 Qg5+ 32. Kb1 Nxb4 33.
axb4 Rd2 34. Qg3 Qxf5+ 35. Ne4 Rd3 36. Rg1 Rd7 37. Qg4 Qf7 38. Qh3 Qd5 39. Qg4
Qd3+ 40. Ka2 Qa6+ 41. Kb1 Qd3+ 42. Ka2 Qa6+ 43. Kb3 Qd3+ 44. Nc3 Re7 45. Rg2 g6
46. h4 h5 47. Qg5 Rf7 48. f4 Qd6 49. Qe5 Qf8 50. Qe4 Rf5 51. Rg5 Qf7+ 52. Ka3
Rxf4 53. Qd3 Rxh4 54. Qg3 Rf4 55. Qd3 Kh6 56. Rc5 Rf1 57. b3 Qf6 58. Qe3+ Kh7
59. Re5 Rf3 60. Re7+ Kg8 61. Re8+ Kf7 62. Re7+ Kf8 63. Re8+ Kf7 64. Re7+
1/2-1/2

[Event "27. Torneo San Viator 2016"]
[Site "Madrid ESP"]
[Date "2016.11.13"]
[Round "8.5"]
[White "Rodriguez Romero, Martin"]
[Black "Cabanas Bravo, Juan Andres"]
[Result "0-1"]
[WhiteElo "1666"]
[BlackElo "2007"]
[PlyCount "116"]
[EventDate "2016.09.25"]
[EventType "swiss"]
[EventRounds "9"]
[EventCountry "ESP"]
[SourceTitle "Ajedrez en Madrid"]
[Source "lmi"]
[SourceDate "2016.09.25"]

1. e4 e5 2. Nf3 Nc6 3. Bb5 Bc5 4. c3 Nf6 5. Qe2 Qe7 6. O-O O-O 7. Rd1 d6 8. d3
Nd8 9. Bg5 Ne6 10. Bh4 Nf4 11. Qe1 a6 12. Ba4 Bg4 13. d4 Bxf3 14. gxf3 Bb6 15.
Qf1 Ng6 16. Bg3 Nh5 17. Na3 Qf6 18. Nc4 Qxf3 19. Nxb6 Nhf4 20. Re1 cxb6 21. Bd1
Qd3 22. Qxd3 Nxd3 23. Re3 Ndf4 24. h4 h5 25. Kh2 Rac8 26. Bxf4 Nxf4 27. Rg3 g6
28. Bb3 Kg7 29. dxe5 dxe5 30. Bd5 Rc7 31. c4 Rd8 32. a4 Ne2 33. Rg5 Nd4 34. Ra3
Kf6 35. Rd3 Ne2 36. Rf3+ Nf4 37. Rgg3 Rd6 38. b4 b5 39. c5 Rdd7 40. axb5 axb5
41. Rg1 Rd8 42. Rb1 Ke7 43. Kg1 f5 44. exf5 Nxd5 45. fxg6 Nf4 46. Kh1 Kf6 47.
Re1 Rg7 48. Rg3 Rxg6 49. Rg5 Nd3 50. Re3 Nxf2+ 51. Kg2 Ng4 52. Rf3+ Kg7 53. Kh3
Rxg5 54. hxg5 Kg6 55. Kh4 e4 56. Rc3 Rc8 57. Ra3 e3 58. Kg3 Kxg5 0-1

[Event "27. Torneo San Viator 2016"]
[Site "Madrid ESP"]
[Date "2016.11.13"]
[Round "8.6"]
[White "Nunez Miranda, Adrian"]
[Black "Zhou, Lulu"]
[Result "1-0"]
[WhiteElo "2143"]
[BlackElo "1746"]
[PlyCount "47"]
[EventDate "2016.09.25"]
[EventType "swiss"]
[EventRounds "9"]
[EventCountry "ESP"]
[SourceTitle "Ajedrez en Madrid"]
[Source "lmi"]
[SourceDate "2016.09.25"]

1. e4 e5 2. Bc4 Nf6 3. d3 Nc6 4. Nc3 Bc5 5. f4 d6 6. Na4 Bb6 7. Nxb6 axb6 8.
Nf3 Qe7 9. c3 Bd7 10. Bb3 h6 11. O-O exf4 12. Bxf4 Nh5 13. Be3 O-O-O 14. Nd4
Nf6 15. Qd2 Rdf8 16. h3 Nxd4 17. cxd4 g5 18. d5 Nh7 19. Qc3 Kb8 20. a4 g4 21.
a5 b5 22. Qd4 Be8 23. Qa7+ Kc8 24. a6 1-0

[Event "27. Torneo San Viator 2016"]
[Site "Madrid ESP"]
[Date "2016.11.13"]
[Round "8.7"]
[White "Luque Ibanez, Manuel"]
[Black "Martinez Sanz, Ignacio"]
[Result "0-1"]
[WhiteElo "1989"]
[BlackElo "1705"]
[PlyCount "110"]
[EventDate "2016.09.25"]
[EventType "swiss"]
[EventRounds "9"]
[EventCountry "ESP"]
[SourceTitle "Ajedrez en Madrid"]
[Source "lmi"]
[SourceDate "2016.09.25"]

1. e4 c6 2. d4 d5 3. exd5 cxd5 4. c4 Nf6 5. Nc3 e6 6. Nf3 Be7 7. c5 b6 8. b4
Bd7 9. Bf4 Nh5 10. Bg3 O-O 11. Bd3 Re8 12. Ne5 g6 13. Qf3 Rf8 14. Rc1 bxc5 15.
bxc5 Nc6 16. Nxd7 Qxd7 17. Bb5 Qb7 18. Qd3 Bf6 19. Bd6 Rfc8 20. Ba6 Nb4 21.
Bxb7 Nxd3+ 22. Kd2 Nxc1 23. Rxc1 Bxd4 24. Nb5 Bxf2 25. c6 Bb6 26. c7 Bxc7 27.
Nxc7 Nf6 28. Bxc8 Rxc8 29. Ba3 Ne4+ 30. Ke3 Rb8 31. Na6 Rb6 32. Rc8+ Kg7 33.
Bf8+ Kf6 34. Nc5 Nxc5 35. Bxc5 Ra6 36. a3 e5 37. Rc7 Ra5 38. Bb4 Ra6 39. Bc5
Ra5 40. Rc6+ Kf5 41. Bb4 d4+ 42. Kd3 Rd5 43. Ra6 e4+ 44. Kd2 Kf4 45. Rxa7 f5
46. Rxh7 g5 47. Rh6 Ke5 48. Rg6 d3 49. g3 Kd4 50. Rd6 e3+ 51. Kd1 f4 52. gxf4
gxf4 53. Rxd5+ Kxd5 54. Bd2 Ke4 55. a4 f3 0-1

[Event "27. Torneo San Viator 2016"]
[Site "Madrid ESP"]
[Date "2016.11.13"]
[Round "8.9"]
[White "Gil Sierra, Jacinto"]
[Black "Munoz Cebey, Ricardo"]
[Result "0-1"]
[WhiteElo "1976"]
[BlackElo "1758"]
[PlyCount "68"]
[EventDate "2016.09.25"]
[EventType "swiss"]
[EventRounds "9"]
[EventCountry "ESP"]
[SourceTitle "Ajedrez en Madrid"]
[Source "lmi"]
[SourceDate "2016.09.25"]

1. e4 c6 2. d4 d5 3. exd5 cxd5 4. c4 Nf6 5. Nc3 e6 6. Nf3 Bb4 7. a3 Bxc3+ 8.
bxc3 O-O 9. Bd3 dxc4 10. Bxc4 Qc7 11. Qd3 b6 12. O-O Bb7 13. Bb2 Nbd7 14. Rfe1
Bxf3 15. gxf3 Rfd8 16. Bb5 Nd5 17. Rac1 N7f6 18. c4 Nf4 19. Qe3 a6 20. Ba4 Qd6
21. Red1 N6h5 22. d5 exd5 23. Be5 Qg6+ 24. Kf1 Qg2+ 25. Ke1 Qg1+ 26. Kd2 dxc4+
27. Kc3 Rxd1 28. Rxd1 Qg5 29. Qe4 Rc8 30. Bd7 Rd8 31. Bc7 Qa5+ 32. Kc2 Nf6 33.
Bc6 Rxd1 34. Kxd1 Nxe4 0-1

[Event "27. Torneo San Viator 2016"]
[Site "Madrid ESP"]
[Date "2016.11.13"]
[Round "8.10"]
[White "Llases Gonzalez, Luis"]
[Black "Quintero Torres, Pedro"]
[Result "0-1"]
[WhiteElo "1734"]
[BlackElo "1958"]
[PlyCount "136"]
[EventDate "2016.09.25"]
[EventType "swiss"]
[EventRounds "9"]
[EventCountry "ESP"]
[SourceTitle "Ajedrez en Madrid"]
[Source "lmi"]
[SourceDate "2016.09.25"]

1. e4 c5 2. Nf3 Nc6 3. d3 d6 4. g3 Nf6 5. Bg2 g6 6. O-O Bg7 7. Re1 O-O 8. c3
Qc7 9. a4 a6 10. Na3 Bd7 11. Nc4 b5 12. e5 bxc4 13. exf6 Bxf6 14. dxc4 Rab8 15.
Qe2 Na5 16. Bg5 Be6 17. Bxf6 exf6 18. Rab1 Nxc4 19. b4 Qd7 20. Qd1 Bf5 21. Nd2
Nxd2 22. Qxd2 Bxb1 23. Rxb1 cxb4 24. cxb4 Qxa4 25. Qxd6 Rfd8 26. Qxf6 Rd1+ 27.
Rxd1 Qxd1+ 28. Bf1 Rxb4 29. Qxa6 Qd4 30. Qc6 Rb2 31. Qf3 Kg7 32. h4 Qf6 33. Qe3
Rb1 34. Qd3 Rc1 35. Qe3 Rc3 36. Qe2 h6 37. Qd2 Qe5 38. Qd1 Qc5 39. Qg4 Rc2 40.
Qf3 Qd4 41. Kg2 Rc5 42. Kg1 Rc3 43. Qg2 Ra3 44. Kh2 Kh7 45. Kg1 Ra7 46. Qc6 Re7
47. Qc2 Qe5 48. Qc6 f5 49. Qf3 Qe4 50. Qxe4 Rxe4 51. Kg2 Kg7 52. Bd3 Rd4 53.
Bb5 Kf6 54. Be8 Rd8 55. Bc6 Ke5 56. Bb7 f4 57. g4 Rd2 58. Bf3 Kd4 59. h5 g5 60.
Kf1 Rd3 61. Kg2 Kc3 62. Be4 Rd4 63. Bf5 Kd2 64. Bc8 Ke1 65. Kg1 Rd2 66. f3 Rf2
67. Bb7 Ke2 68. Be4 Rxf3 0-1

[Event "27. Torneo San Viator 2016"]
[Site "Madrid ESP"]
[Date "2016.11.13"]
[Round "8.11"]
[White "Yeves Miquel, Enrique"]
[Black "Guillo Longares, Cecilia"]
[Result "0-1"]
[WhiteElo "1827"]
[BlackElo "1705"]
[PlyCount "90"]
[EventDate "2016.09.25"]
[EventType "swiss"]
[EventRounds "9"]
[EventCountry "ESP"]
[SourceTitle "Ajedrez en Madrid"]
[Source "lmi"]
[SourceDate "2016.09.25"]

1. d4 Nf6 2. c4 c5 3. d5 e6 4. Nc3 exd5 5. cxd5 d6 6. e4 g6 7. Nf3 a6 8. a4 Bg4
9. Be2 Bxf3 10. Bxf3 Bg7 11. O-O O-O 12. Bf4 Qe7 13. Re1 Nbd7 14. h3 Ne5 15.
Be2 Nfd7 16. Qd2 Nb6 17. a5 Nbc4 18. Bxc4 Nxc4 19. Qe2 Qf6 20. Bc1 Ne5 21. Na4
Nd7 22. Bd2 Qd8 23. Bc3 Re8 24. Bxg7 Kxg7 25. Nc3 Nf6 26. Qd2 Re7 27. f4 Qe8
28. e5 dxe5 29. d6 Re6 30. f5 gxf5 31. Qg5+ Kh8 32. Qxf5 Rd8 33. Rad1 Nd7 34.
Ne4 Rg6 35. Ng5 f6 36. Ne6 Rc8 37. Nc7 Qf7 38. Nd5 Qg7 39. Re2 Rg8 40. Rdd2 Rg5
41. Qe6 Rd8 42. Rf2 Rg8 43. Nxf6 Nxf6 44. Qxf6 Rxg2+ 45. Kf1 Qxf6 0-1

[Event "27. Torneo San Viator 2016"]
[Site "Madrid ESP"]
[Date "2016.11.13"]
[Round "8.12"]
[White "Magan Gonzalez, Alberto"]
[Black "Gonzalez-Ruano Perez, Cesar"]
[Result "1-0"]
[WhiteElo "1829"]
[BlackElo "1937"]
[PlyCount "25"]
[EventDate "2016.09.25"]
[EventType "swiss"]
[EventRounds "9"]
[EventCountry "ESP"]
[SourceTitle "Ajedrez en Madrid"]
[Source "lmi"]
[SourceDate "2016.09.25"]

1. e4 c5 2. Nf3 g6 3. d4 cxd4 4. Nxd4 Bg7 5. Nc3 Nc6 6. Be3 Nf6 7. Bc4 O-O 8.
Bb3 a6 9. f3 d6 10. Qd2 Nd7 11. O-O-O Na5 12. g4 Nxb3+ 13. Nxb3 1-0

[Event "27. Torneo San Viator 2016"]
[Site "Madrid ESP"]
[Date "2016.11.13"]
[Round "8.13"]
[White "Del Noval Nemeshazi, Nesztor"]
[Black "Rodriguez Valero, Martin"]
[Result "0-1"]
[WhiteElo "1932"]
[BlackElo "1808"]
[PlyCount "47"]
[EventDate "2016.09.25"]
[EventType "swiss"]
[EventRounds "9"]
[EventCountry "ESP"]
[SourceTitle "Ajedrez en Madrid"]
[Source "lmi"]
[SourceDate "2016.09.25"]

1. e4 c5 2. Nf3 e6 3. d4 cxd4 4. Nxd4 a6 5. Nc3 Qc7 6. Be3 Nf6 7. f3 Bb4 8. Qd2
d5 9. Bd3 e5 10. exd5 exd4 11. Bxd4 Nbd7 12. O-O-O O-O 13. g4 Bc5 14. Bxf6 Nxf6
15. g5 Nh5 16. Ne4 Bd6 17. Kb1 Bf4 18. Qb4 a5 19. Qd4 Be5 20. Qe3 Nf4 21. d6
Qc6 22. Nf6+ gxf6 23. Be4 Qb5 24. gxf6 0-1